000 00442nam a2200169Ia 4500
003 GCL
008 140319s9999 xx 000 0 eng d
040 _aGCL /
_cGCL
082 0 4 _a621.4023
_bK A
100 1 _aKEATING, EUGENE
245 1 0 _aAPPLIED COMBUSION /
_cKEATING, EUGENE
260 _a[S.N] :
_bMACMILLAN PUBLISHING COMPANY ،
_c1993
300 _a575 p
650 0 4 _aSCIENCE
650 0 4 _aCOMBUSTION ENGINEERING
942 _2ddc
_cBK
999 _c17445
_d17445